Od rastliny k človekovi XVII

Bibliographic Details
Main Author: Mika, Karol, 1927-2025 (Author)
Format: Article
Language:Slovak
PhysicalDescription:Obr.
ISSN:1335-9878
Subjects:

MARC

LEADER 00000nab a2200000 ar4500
001 vtls008959323
003 SK-MaSNL
005 20260304212127.0
008 250505c2007 xo |||||||||||000 b|slo
015 |a SNBRB2007/03  |2 snkbucl 
035 |a (uuid)beade956-54cd-4291-9968-27318bcd8091 
035 |a urn:nbn:sk:snk-ab248h 
035 |a (urnnbn)urn:nbn:sk:snk:ar-a01kz7 
038 |a SNKBUCL 
040 |a SNKBUCL  |b slo  |c SNKBUCL  |e AACR2 
041 0 |a slo 
044 |a xo  |c SK 
080 |a 615.322  |2 1997 
080 |a 615.89:633.88  |2 1997 
080 |a 633.88  |2 1997 
100 1 |a Mika, Karol,  |d 1927-2025  |4 aut  |9 88127 
245 1 0 |a Od rastliny k človekovi  |n XVII  |c K. Mika 
300 |b Obr. 
650 0 7 |a fytoterapia  |2 snkbucl  |9 1147 
650 0 7 |a liečivé rastliny  |2 snkbucl  |9 3510 
650 0 7 |a chmeľ obyčajný  |2 snkbucl  |9 79608 
650 0 7 |a chren  |2 snkbucl  |9 2718 
650 0 7 |a chvojník dvojklasý  |2 snkbucl  |9 99973 
773 0 |t Liečivé rastliny = Léčivé rostliny  |g Roč. XLIV, č. 1 (2007), s. 17-22 a 24  |x 1335-9878 
850 |a Slovenská národná knižnica 
852 |a Slovenská národná knižnica 
954 |a odborná, vedecká literatúra pôvodná (slovenská)  |2 lita 
958 |a article2022 
958 |a OND 
958 |a MI 
958 |a EUIPO 
999 |c 3130109  |d 3132039